| 000 | 01058nam a22003137a 4500 | ||
|---|---|---|---|
| 001 | BR9704060 | ||
| 003 | BR-BrBNA | ||
| 005 | 20230928095654.0 | ||
| 007 | ta | ||
| 008 | 230509b bl.||||| |||| 00| 0 por d | ||
| 040 |
_aBR-BrBNA _bpor _cBiblioteca Nacional de Agricultura |
||
| 041 | _a(Por) | ||
| 072 |
_aH10 _b7300 |
||
| 090 | _ 7300 BR9704060 | ||
| 100 | 1 | _aAzevedo, F.R. de | |
| 110 | 1 |
_aUniversidade Federal Rural de Pernambuco, Recife (Brasil) _0Tese (Mestre em Agronomia) |
|
| 245 | 1 | _aEfeitos da temperatura e defesa da presa no consumo e utilizacao de larvas de Tenebrio molitor Linne por ninfas do predador Supputius cincticeps (Stal)(Hemiptera: Pentatomidae) | |
| 260 | 3 |
_aRecife, PE (Brasil): _c1996. |
|
| 300 | _a83 p. | ||
| 500 | _aSummaries (Eng, Por); 11 tables; 8 illus.; Bibliography p. 72-83 | ||
| 650 | _aCuruquere | ||
| 650 | _aInseto para Controle Biologico | ||
| 650 | _aHemiptero | ||
| 650 | _aPredador | ||
| 650 | _aLarva | ||
| 650 | _aCondicao Ambiental | ||
| 909 |
_a202309 _bLucia _c55 _dLucia Elande |
||
| 942 | _cBK | ||
| 999 |
_c58001 _d58001 |
||